Statistics for Elements that End in -ON

Click here to take the quiz!

General Stats

  • This quiz has been taken 34 times
  • The average score is 8 of 10

Answer Stats

Atomic numberElement% Correct
10Neon
97%
5Boron
91%
6Carbon
91%
36Krypton
84%
18Argon
81%
86Radon
78%
54Xenon
78%
26Iron
69%
14Silicon
66%
118Oganesson
50%

Score Distribution

Percentile by Number Answered

Percent of People with Each Score

Your Score History

You have not taken this quiz